Presidenti più vincenti della storia dell Milan - Statistics

Statistiche generali
  • Questo quiz è stato fatto 27 volte
  • Il punteggio medio è 2 su 5
Statistiche sulle risposte
Nazione Periodo Totale trofei Trofei vinti Presidente % Corretto
Italia 1986 - 2004; 2006 - 2008 26 7 Campionati italiani; 1 Coppa Italia; 5 Supercoppe Italiane; 5 Coppe dei Campioni / UEFA Champions League; 5 Supercoppa UEFA; 2 Coppe Intercontinentali; 1 Coppa del mondo per club Silvio Berlusconi
100%
Italia 1972 - 1975 2 1 Coppa Italia; 1 Coppa delle Coppe Albino Buticchi
20%
Italia 1954 - 1963 5 4 Campionati italiani; 1 Coppa dei Campioni Andrea Rizzoli
20%
Italia 1967 - 1971 4 1 Campionato italiano; 1 Coppa dei Campioni; 1 Coppa delle Coppe; 1 Coppa Intercontinentale Franco Carraro
20%
Inghilterra 1899 - 1909 3 3 Campionati italiani Alfred Edwards
16%
Nessun quiz corrispondente trovato
Distribuzione punteggi
Percentuale di utenti per punteggio
Percentile per numero di risposta
I tuoi punteggi nel tempo
Non hai fatto questo quiz